000 00943nam0a22002291i 4500
001 rc\3275226
005 20240723222557.0
021 _aRU
_b[71-6401а]
035 _a(NLR Aleph) 007394842
090 _a6649719
_c6649719
100 _a20130115d1971 |||y0rusy50 ca
101 0 _arus
102 _aRU
105 _ay d |||||
200 1 _aСоциально-политическое развитие и национально-этнические проблемы в тропической Африке
_e(На примере Судана)
_eАвтореф. дис. на соискание учен. степени канд. ист. наук
_fАН СССР. Ин-т мировой экономики и междунар. отношений
210 _aМосква
_d1971
215 _a19 с.
700 1 _aЗвагельская
_bЕ.А.
801 0 _aRU
_bNLR
_gpsbo
801 1 _aRU
_bELAR
_2rusmarc
852 _aNLR
_j71-4/18782
942 _cBOOK